000 00759nam a2200193Ia 4500
003 LDD
008 190117s9999 xx 000 0 und d
020 _a9789350007341
_c₹395
040 _cLDD
041 _ahi
082 _a8H4.7 पा6603अ
100 _aपालीवाल, कृष्णदत्त
245 0 _aअज्ञेय
_b अलीकी का आत्मदान (निबंधों में चिन्तन-यात्रा)
_cकृष्णदत्त पालीवाल
260 _aनई दिल्ली
_bवाणी प्रकाशन
_c2011
300 _a219पृ.
901 _aVANI
904 _aReqst by : Satyakam
942 _2ddc
_cH
999 _c163467
_d163467